Ordinary men : Reserve Police Battalion 101 and the final solution in Poland

Αποθηκεύτηκε σε:
Λεπτομέρειες βιβλιογραφικής εγγραφής
Κύριος συγγραφέας: Browning, Christopher R.
Μορφή: Βιβλίο
Γλώσσα:English
Δημοσίευση: New York : Harper Perennial, 2017.
Θέματα:
Ετικέτες: Προσθήκη ετικέτας
Δεν υπάρχουν, Καταχωρήστε ετικέτα πρώτοι!

MARC

LEADER 00000nam a2200000 a 4500
001 1/127499
008 231016s2017####us | ||| |||| ||eng||
020 |a 970062303028 
040 |a GR-MyUa  |b gre  |c GR-MyUa  |e AACR2 
041 0 |a eng 
082 7 |a 940.5318   |2 (20) 
100 1 |a Browning, Christopher R. 
245 1 0 |a Ordinary men :   |b Reserve Police Battalion 101 and the final solution in Poland /   |c Christopher R. Browning. 
260 |a New York :   |b Harper Perennial,   |c 2017. 
300 |a xxii, 349 σ. :   |b φωτ. ;   |c 21 εκ.  
500 |a Το αντίτυπο του Παραρτήματος Βιβλιοθήκης Ρόδου είναι ανατύπωση του 2017. 
504 |a Περιλαμβάνει βιβλιογραφικές παραπομπές και ευρετήριο. 
650 0 |a Holocaust, Jewish (1939-1945) 
650 0 |a World War, 1939-1945  |v Personal narratives, German. 
650 0 |a World War, 1939-1945  |x Acrocities. 
852 |a INST  |b RHODES  |e 20231016  |h 940.5318 BRO  |p 005400043846  |q 005400043846  |t BK  |y 0 
970 |z 16-10-2023